Statistics for Saturnian Moons

Click here to take the quiz!

General Stats

  • This quiz has been taken 12 times
  • The average score is 28 of 63

Answer Stats

GroupAnswer% Correct
TitanTitan
100%
OtherDione
83%
OtherEnceladus
83%
OtherHyperion
83%
OtherIapetus
83%
OtherMimas
83%
NorsePhoebe
83%
OtherRhea
83%
OtherTethys
83%
OtherJanus
67%
OtherMethone
67%
OtherPan
67%
OtherPandora
67%
OtherAtlas
50%
OtherCalypso
50%
OtherEpimetheus
50%
OtherHelene
50%
OtherPallene
50%
OtherPolydeuces
50%
OtherTelesto
50%
OtherAegaeon
33%
NorseAegir
33%
GallicAlbiorix
33%
NorseAlvaldi
33%
NorseAngrboda
33%
OtherAnthe
33%
GallicBebhionn
33%
NorseBeli
33%
NorseBergelmir
33%
NorseBestla
33%
OtherDaphnis
33%
NorseEggther
33%
GallicErriapus
33%
NorseFarbauti
33%
NorseFenrir
33%
NorseFornjot
33%
NorseGeirrod
33%
NorseGerd
33%
NorseGreip
33%
NorseGridr
33%
NorseGunnlod
33%
NorseHati
33%
NorseHyrrokkin
33%
InuitIjiraq
33%
NorseJarnsaxa
33%
NorseKari
33%
InuitKiviuq
33%
NorseLoge
33%
NorseMundilfari
33%
NorseNarvi
33%
InuitPaaliaq
33%
OtherPrometheus
33%
InuitSiarnaq
33%
NorseSkathi
33%
NorseSkoll
33%
NorseSkrymir
33%
NorseSurtur
33%
NorseSuttungr
33%
InuitTarqeq
33%
GallicTarvos
33%
NorseThiazzi
33%
NorseThrymr
33%
NorseYmir
33%

Score Distribution

Percentile by Number Answered

Percent of People with Each Score

Your Score History

You have not taken this quiz